000
00304nam a2200121Ia 4500
008
241002s9999 xx 000 0 und d
082
_a
152.33 TOY
100
_a
Toynbee, Arndd J.
245
0
_a
Change and Habit Challenge and Four Time
260
_a
New York:
_c
1966
600
_a
Philosophy
942
_c
UC
999
_c
18869
_d
18869